San Isidro de la Cucaracha: historia del distrito segundo del cantón del Guarco (Registro nro. 292)
[ vista simple ]
| 000 -CABECERA | |
|---|---|
| campo de control de longitud fija | 00606aam a2200217 4500 |
| 005 - FECHA Y HORA DE ACTUALIZACIÓN | |
| campo de control | 20160803175143.0 |
| 008 - LONGITUD FIJA | |
| campo de control de longitud fija | 150722b xxu||||| |||| 00| 0 spa d |
| 041 ## - IDIOMA | |
| Código de idioma del texto/pista de sonido o título separado | |
| 082 ## - CLASIFICACIÓN DECIMAL DEWEY | |
| Número de clasificación | 972.862 |
| Número de documento/Ítem | B456s |
| 100 ## - AUTOR PERSONAL | |
| Nombre de persona | Benavides Barquero, Manuel de Jesus, Pbro |
| 245 ## - TÍTULO PROPIAMENTE DICHO | |
| Título | San Isidro de la Cucaracha: historia del distrito segundo del cantón del Guarco |
| 260 ## - PIE DE IMPRENTA | |
| Lugar de publicación, distribución, etc. | Costa Rica |
| 260 ## - PIE DE IMPRENTA | |
| Nombre del editor, distribuidor, etc. | Santa Maria |
| 260 ## - PIE DE IMPRENTA | |
| Fecha de publicación, distribución, etc. | 2005 |
| 650 ## - Materia General | |
| Materia general | COSTA RICA |
| 650 ## - Materia General | |
| Materia general | Historia |
| 650 ## - Materia General | |
| Materia general | EL GUARCO |
| 650 ## - Materia General | |
| Materia general | SAN ISIDRO |
| 650 ## - Materia General | |
| Materia general | CARTAGO |
| 942 ## - Punto de Acceso Adicional Koha | |
| Tipo de ítem Koha | Libro |
| Estado perdido | Estado dañado | No para préstamo | Biblioteca permanente | Biblioteca actual | Signatura completa | Código de barras | Precio efectivo a partir del | Tipo de ítem |
|---|---|---|---|---|---|---|---|---|
| Departamento de Biblioteca y Documentación Alfonso Chase Brenes | Departamento de Biblioteca y Documentación Alfonso Chase Brenes | 972.862 B456s | 938 | 03/08/2016 | Libro | |||
| Departamento de Biblioteca y Documentación Alfonso Chase Brenes | Departamento de Biblioteca y Documentación Alfonso Chase Brenes | 972.862 B456s | 17000 | 03/08/2016 | Libro |